Recent Soccer Retirees - Statistics

General Stats
  • This quiz has been taken 8 times
    3 since last reset
  • The average score is 8 of 25
Answer Stats
Hint Answer % Correct
Last Club; Real Madrid (Age 35) Position CM Toni Kroos
100%
Last Club; Anderlecht (Age 38) Position CB Jan Vertonghen
67%
Last club; Porto (Age 42) Position CB Pepe
67%
Last club; Como (Age 32) Position CB Raphaël Varane
67%
Last club; Southampton (Age 37) Position CAM Adam Lallana
33%
Last club; Emirates (Age 41) Position CM Andres Iniesta
33%
Last club; LAFC (Age 36) Position RW Carlos Vela
33%
Last club; Real Betis (Age 42) Position GK Claudio Bravo
33%
Last club; Celtic (Age 38) Position GK Joe Hart
33%
Last club; Liverpool (Age 34) Position CB Joel Matip
33%
Last club; Manchester United (Age 37) Position CB Johnny Evans
33%
Last club; Fenerbahce (Age 38) Position CB Leonardo Bonucci
33%
Last club; Fluminense (Age 37) Position LB Marcelo
33%
Last club; Shandong Taishan (Age 37) Position CM Marouane Fellaini
33%
Last club; Roma (Age 36) Position CB Mats Hummels
33%
Last club; Como (Age 43) Position GK Pepe Reina
33%
Last club; Manchester United (Age 33) Position CB Phil Jones
33%
Last club; Lille (Age 31) Position CB Samuel Umtiti
33%
Last club; Liverpool (Age 34) Position CM Thiago Alcântara
33%
Last club; Anorthosis (Age 28) Position RW Charly Musonda
0%
Last club; Hibernian (Age 35) Position ST Dwight Gayle
0%
Last club; Fluminense (Age 42) Position CDM Felipe Melo
0%
Last club; Levante (Age 33) Position CB Shkodran Mustafi
0%
Last club; AC Milan (Age 36) Position CB Simon Kjær
0%
Last club; Antwerp (Age 36) Position CB Toby Alderweireld
0%
No matching quizzes found
Score Distribution
Percent of People with Each Score
Percentile by Number Answered
Your Score History
You have not taken this quiz since the last reset